1099 1958 1992 1627 1519 1395 1011 1916 1230 1695 1379 1288 1179 1349 1767 1288 1580 1569 1028 1144 1249 1930 1229 1007 1215 1290 1496 1696 1106 1741 1222 1741 1274 1374 1504 1850 1057 1014 1625 1747 1725 1434 1617 1896 1173 1596 1666 1198 1646 1241 1090 1903 1871 1436 1939 1334 1221 1884 1897 1560 1416 1466 1493 1021 1237 1287 1354 1477 1107 1719 1096 1709 1821 1154 1372 1788 1871 1871 1919 1502 1155 1484 1980 1735 1875 1132 1507 1287 1434 1045 1157 1595 1085 1392 1358 1160 1683 1024 1605 BCNSPRNW ULIB Ver.6.0+V

เปลี่ยนเป็นภาษาไทย

Change to English
 แสดงรายละเอียดบรรณานุกรม
  กลับหน้าหลัก

Brief Record : Get Marc (ISO 2709) : E-mail record : QR code < ปิดหน้าต่าง
LEADER : 00000nam 2200000uu 4500
001    13399125125
003     ULIB
008    160930s2555||||th 000 0 tha d
020    ^a9786167531670
090    ^aนว.^bอ164ท
100    ^aอนันตชา
245    ^aทัณฑ์สวาททาสรัก /^cอนันตชา
260    ^aกรุงเทพฯ :^bสำนักพิมพ์พลอยใส,^c2555
300    ^a240หน้า
945    ^p99^l0^i001360
999    ^aณรีรัตน์ วารุกา
รายการนี้ยังไม่มีแท็ก
คุณยังไม่ได้ล็อกอิน คุณสามารถมีกิจกรรมร่วมกับเว็บไซต์ได้ แต่ต้องล็อกอินก่อน ::
  ล็อกอิน

รายการสื่อสารสนเทศ

ลำดับที่ ประเภท เลขเรียก/บาร์โค้ด สถานที่ สถานะ
1. นวนิยาย
นวนิยาย
นว. อ164ท ฉ.1 
  Barcode: 001360
ห้องสมุดวิทยาเขตนครสวรรค์
►นวนิยาย:l:Fiction
บนชั้น

BibComment


ยังไม่เคยถูกคอมเมนท์

คอมเมนท์ทรัพยากรรายการนี้
  คอมเมนท์: ทัณฑ์สวาททาสรัก ..


 Copyright 2026. Bcnsprnw @Library